La acción de enriquecimiento sin causa

Uloženo v:
Podrobná bibliografie
Hlavní autor: Figueroa Vásquez, Waldo Enrique (autor)
Médium: Kniha
Jazyk:španělština
Vydáno: Santiago Jurídica ConoSur 1997
Témata:
Tagy: Přidat tag
Žádné tagy, Buďte první, kdo vytvoří štítek k tomuto záznamu!

MARC

LEADER 00000nam a2200000 a 4500
001 UCS7248
003 CL-VaPUC
008 971010e19970000CL |||||||||||||||||spa|d
082 0 4 |a 346.029  |b FIG  |2 21 
100 |a Figueroa Vásquez, Waldo Enrique  |e autor  |9 749050 
245 1 3 |a La acción de enriquecimiento sin causa 
300 |a 194 p 
942 |c BK 
945 |d 19971010 00:00:00  |a jquezada 
260 |a Santiago  |b Jurídica ConoSur  |c 1997 
650 0 |a Derecho romano  |9 255930 
650 0 |a Derecho alemán   |9 385144 
650 0 |a Derecho francés  |9 385145 
650 0 |a Código civil  |9 256135 
650 0 |a Enriquecimiento sin causa  |9 385638 
583 |a last modification  |c 19971010 00:00:00  |k Rodrigo Vera 
999 |c 262469  |d 262467 
952 |0 0  |1 0  |4 0  |6 346_029000000000000_FIG_1997  |7 0  |8 A  |9 290981  |a BIBDER  |b BIBDER  |d 2019-11-19  |i 3353281  |l 3  |o 346.029 FIG 1997  |p 3353281  |r 2023-06-15  |s 2023-06-15  |w 2019-11-19  |y BK  |k DER 
952 |0 0  |1 0  |4 0  |6 346_029000000000000_FIG_1997  |7 0  |8 A  |9 290982  |a BIBDER  |b BIBDER  |d 2019-11-19  |i 335329K  |l 3  |m 2  |o 346.029 FIG 1997  |p 335329K  |r 2023-06-02  |s 2023-04-24  |w 2019-11-19  |y BK  |k DER